15 principales países con muertes de Covid-19 - 23 de junio - Estadísticas

Estadísticas generales
  • Esta prueba ha sido intentada 5 veces
  • La puntuación promedio es 16 de 20
Estadísticas de respuestas
país % Correcto
Alemania
100%
Brasil
100%
Canadá
100%
España
100%
Estados Unidos
100%
Francia
100%
India
100%
Italia
100%
México
100%
Reino Unido
100%
Bélgica
80%
Países Bajos
80%
Perú
80%
Rusia
80%
Chile
60%
Irán
60%
Suecia
60%
Irlanda
40%
Suiza
40%
Ecuador
20%
No se encontraron pruebas coincidentes
Distribución de puntuación
Porcentaje de gente con cada puntuación
Porcentaje por número respondido
Historial de tus puntuaciones
No has intentado esta prueba.